=LDR 00000nam 2200000 4500 =001 INLIS000000000006072 =005 20200310090702 =035 ##$$a 0010-061300000006072 =008 200310################g##########0#ind## =041 ##$$a Ind =082 ##$$a 297.324 =090 ##$$a 297.324, Jar r =245 ##$$a Renungan muslim (kumpulan khotbah jum'at) /$c oleh Drs. H. Aspihan Djarman dan Drs. H. Syahminan Zaini =260 ##$$a Jakarta :$b Kalam Mulia,$c 1989 =300 ##$$a ix, 370 hlm. ; $c 14 x 20 cm =650 #4$$a Khotbah (Islam) =850 ##$$a NBPNMAT =084 ##$$a 297.324 REN r =250 ##$$a Cet. 1 =700 #$$a Aspihan Djarman =990 ##$$a 31.964/Pro-89 =990 ##$$a 31.963/Pro-89